Sarup Singh : (Record no. 130084)

MARC details
000 -LEADER
fixed length control field 00734nam a22002417a 4500
003 - CONTROL NUMBER IDENTIFIER
control field dpl
005 - DATE AND TIME OF LATEST TRANSACTION
control field 20180522143613.0
008 - FIXED-LENGTH DATA ELEMENTS--GENERAL INFORMATION
fixed length control field 180522b xxu||||| |||| 00| 0 eng d
010 ## - LIBRARY OF CONGRESS CONTROL NUMBER
LC control number A-896106
020 ## - INTERNATIONAL STANDARD BOOK NUMBER
Terms of availability 00.00
International Standard Book Number 8121406536
035 ## - SYSTEM CONTROL NUMBER
System control number A-896106, A-896109
037 ## - SOURCE OF ACQUISITION
Source of stock number/acquisition Cen Lib/Ret
040 ## - CATALOGING SOURCE
Original cataloging agency DPL
Language of cataloging EN
Transcribing agency 0
082 ## - DEWEY DECIMAL CLASSIFICATION NUMBER
Classification number 921
Item number SAR
245 ## - TITLE STATEMENT
Title Sarup Singh :
Statement of responsibility, etc edited by S.S. Rana
Remainder of title a living legend /
260 ## - PUBLICATION, DISTRIBUTION, ETC. (IMPRINT)
Place of publication, distribution, etc Delhi
Name of publisher, distributor, etc National
Date of publication, distribution, etc 1997
270 ## - ADDRESS
City Delhi
Address A 2/29-13 Chhatra Marg
Postal code 110007
300 ## - PHYSICAL DESCRIPTION
Extent xii,236p.
Dimensions 25cm(Hb)
650 ## - SUBJECT ADDED ENTRY--TOPICAL TERM
Topical term or geographic name as entry element Singh, Sarup, -- 1917-2003
9 (RLIN) 28232
650 ## - SUBJECT ADDED ENTRY--TOPICAL TERM
Topical term or geographic name as entry element Educators -- India -- Haryana -- Biography
9 (RLIN) 28233
700 ## - ADDED ENTRY--PERSONAL NAME
Personal name Rana, S.S.
9 (RLIN) 28234
942 ## - ADDED ENTRY ELEMENTS (KOHA)
Source of classification or shelving scheme Dewey Decimal Classification
Koha item type English Books
Classification part 921
Call number suffix SAR
Holdings
Withdrawn status Lost status Damaged status Not for loan Home library Current library Date acquired Source of acquisition Cost, normal purchase price Total Checkouts Full call number Barcode Date last seen Copy number Cost, replacement price Price effective from Koha item type Source of classification or shelving scheme Collection code
        Central Library Central Library 08/07/2015 Cen Lib/Ret 0.00   921 SAR A-896106 08/07/2015 1 0.00 08/07/2015 English Books    
        Shahdara Branch Shahdara Branch 22/05/2018 BPPD/PUB 0.00   921 SAR A-896109 22/05/2018   0.00 22/05/2018 English Books Dewey Decimal Classification Non-fiction

© Delhi Public Library
Hit Counter
free hit counter